| 000 | 00355nam a2200133Ia 4500 | ||
|---|---|---|---|
| 005 | 20251222144845.0 | ||
| 008 | 251222s9999||||xx |||||||||||||| ||spa|| | ||
| 020 | _a950-802-149-7 | ||
| 082 | _a001.42/M42S | ||
| 100 | _aEdel Mendicoa, Gloria | ||
| 245 | 0 | _aSobre Tesis y Tesistas: Lecciones de EnseƱanza y Aprendizaje | |
| 264 | _bEspacio | ||
| 942 | _cLIB | ||
| 999 |
_c21374 _d21374 |
||